000 00792cam a22002534a 4500
003 UPN
005 20220804081801.0
008 130311s2001 es a r 000 f spa d
020 _a8431659440 (10 dígitos)
020 _a9788431659448 (13 dígitos)
035 _aUPN01000190177
040 _aUPN
_bspa
_cUPN
049 _aCG
050 4 _aPR4854
_bA9.3
100 1 _aKipling, Rudyard,
_d1864-1936
_928832
245 1 4 _aLas aventuras de Mowgli /
_cRudyard Kipling ; il. Inga Moore ; tr. José Luis López Muñoz.
260 _aBarcelona, Esp. :
_bVicens Vives,
_c2001 (2008 impr.).
300 _a143 p. :
_bil. col.
490 0 _aCucaña ;
_v14
650 0 _aLiteratura juvenil inglesa
_912778
650 7 _aAnimales en la literatura
_2
_91055
905 _aLibro
942 _2lcc
_cLIBRO
999 _c162280
_d162280